LEADER 01065nam a2200277 i 4500 001 000000040585 003 CaOOAMICUS 005 20100309000000.0 008 100309s1990 it u000 u ita u 013 $a11755 020 $a88-04-34025-8 040 $aSeMil$bita 100 1 $aGatto Trocchi, Cecilia.$0(OLS)http://semarc/name/7560 245 10$aMagia ed esoterismo in Italia /$cCecilia Gatto Trocchi. 260 $aMilano :$bMondadori,$c1990. 300 $a214 p. :$bill. ;$c20 cm. 490 0 $aOscar saggi ;$v195 650 4$aMagia.$0(OLS)http://semarc/subject/7826 650 4$aEsoterismo.$0(OLS)http://semarc/subject/2181 830 0$aOscar saggi ;$v195.$0(OLS)http://semarc/title/10282 850 $aSeMil 852 $aSeMil$W1$xVenegono$y1$m2X II 338$j6740$B6740$CSeMilBibl$Z2$F6740 $81 961 $aAcquisto: Distributore 996 $6020$a88-04-34025-8$9(OLS)http://semarc/number/10876 996 $6245$aMagia ed esoterismo in Italia$9(OLS)http://semarc/title/58374 996 $6260$aMilano :$bMondadori$9(OLS)http://semarc/publisher/30335 LEADER 00944nam a2200217 i 4500 001 000000192681 003 CaOOAMICUS 005 20151002000000.0 008 151002s2004 it u000 u ita u 013 $a171305 040 $aSeMil$bita 245 10$a[Elena da Persico]. Una donna "spirituale" nella storia. Affi, 28 giugno 2003. 260 $a[S.l. :$bs.n.],$cstampa 2004$e(Segrate :$fDigital Print,$gstampa 2004) 300 $a131 p. ;$c19 cm. 500 $aContiene : Bibliografia. 650 4$aPersico, Elena : da - Spiritualitą.$0(OLS)http://semarc/subject/33537 850 $aSeMil 852 $aSeMil$W1$xVenegono$y1$m3G I 357$j143256$B143256$CSeMilBibl$Z2$F154720 $81 961 $aOmaggio: Martinelli don Romano 996 $6245$a[Elena da Persico]. Una donna "spirituale" nella storia. Affi, 28 giugno 2003$9(OLS)http://semarc/title/277734 996 $6260$a[S.l. :$bs.n.]$9(OLS)http://semarc/publisher/29751